[Event "Dhaka Sheikh Russel op"]
[Site "Dhaka"]
[Date "2022.10.17"]
[Round "5.4"]
[White "Bajracharya, Rajendra"]
[Black "Mohammad, Minhaz Uddin"]
[Result "0-1"]
[WhiteElo "1822"]
[BlackElo "2255"]
[PlyCount "69"]
[EventDate "2022.10.13"]
[EventType "team-tourn"]
[EventRounds "5"]
[EventCountry "BAN"]
[SourceTitle "CBM 210 Extra"]
[Source "ChessBase"]
[SourceDate "2022.11.30"]
[SourceVersion "1"]
[SourceVersionDate "2022.11.30"]
[SourceQuality "1"]
[WhiteTeam "Nepal"]
[BlackTeam "Bangladesh"]
[WhiteTeamCountry "NEP"]
[BlackTeamCountry "BAN"]

1. e4 e5 2. Nf3 Nf6 3. Nxe5 d6 4. Nf3 Nxe4 5. Qe2 Qe7 6. d3 Nf6 7. Be3 Nc6 8. Nc3 Bg4 9. h3 Be6 10. 0-0-0 0-0-0 11. a3 d5 12. d4 Ne4 13. Nxe4 dxe4 14. Ne5 Nb8 15. Qb5 a6 16. Qa4 f6 17. Ng4 g5 18. Be2 h5 19. Nh2 f5 20. g3 h4 21. Nf1 hxg3 22. fxg3 Bh6 23. Nd2 f4 24. Bg1 f3 25. Bf1 g4 26. Re1 Bf5 27. Be3 Bxe3 28. Rxe3 Qg5 29. Qb3 Rxd4 30. h4 Qh6 31. Bc4 Rhd8 32. Rh2 Qd6 33. Qc3 Qxg3 34. Rh1 Rxd2 35. Qa5 0-1

[Event "Budha Bhandari Memorial"]
[Site "Budhanilkantha"]
[Date "2019.11.14"]
[Round "9"]
[White "Bajracharya, Rajendra"]
[Black "Bajracharya, Sanuraj"]
[Result "1-0"]
[WhiteElo "1860"]
[BlackElo "1656"]
[PlyCount "61"]
[EventDate "2019.11.09"]
[EventType "swiss"]
[EventRounds "9"]
[EventCountry "NEP"]
[SourceTitle "CBM 193 Extra"]
[Source "ChessBase"]
[SourceDate "2020.01.31"]
[SourceVersion "1"]
[SourceVersionDate "2020.01.31"]
[SourceQuality "1"]

1. e4 d6 2. d4 b6 3. c4 Bb7 4. Nc3 g6 5. f4 Bg7 6. Nf3 e6 7. Bd3 Nc6 8. Be3 Qe7 9. d5 Nb8 10. 0-0 Na6 11. Rc1 Nc5 12. Bb1 0-0-0 13. b4 Nd7 14. Qa4 Kb8 15. Nd4 Bxd4 16. Bxd4 e5 17. fxe5 Nxe5 18. c5 dxc5 19. bxc5 bxc5 20. Nb5 a6 21. Bxc5 Qd7 22. Ba7+ Ka8 23. Nxc7+ Kxa7 24. Qd4+ Kb8 25. Qxe5 Nh6 26. Nxa6+ Ka8 27. Nc5 Qd6 28. Qb2 Qb8 29. Bd3 Qa7 30. Rc3 Rd6 31. Ra3 1-0

[Event "Budha Bhandari Memorial"]
[Site "Budhanilkantha"]
[Date "2019.11.12"]
[Round "5"]
[White "Bajracharya, Rajendra"]
[Black "Adhikari, Maheswor"]
[Result "0-1"]
[WhiteElo "1860"]
[BlackElo "1521"]
[PlyCount "58"]
[EventDate "2019.11.09"]
[EventType "swiss"]
[EventRounds "9"]
[EventCountry "NEP"]
[SourceTitle "CBM 193 Extra"]
[Source "ChessBase"]
[SourceDate "2020.01.31"]
[SourceVersion "1"]
[SourceVersionDate "2020.01.31"]
[SourceQuality "1"]

1. e4 e5 2. Nf3 Nc6 3. Bc4 d6 4. d4 exd4 5. c3 Ne5 6. Nxe5 dxe5 7. 0-0 c5 8. f4 exf4 9. Rxf4 f6 10. Qb3 Nh6 11. Rf1 Qe7 12. cxd4 cxd4 13. Bxh6 gxh6 14. Nd2 Bg4 15. h3 Bc8 16. Nf3 Bg7 17. Kh1 Qc5 18. Rad1 Bd7 19. Bf7+ Ke7 20. Nxd4 Rhd8 21. Bh5 Qxh5 22. Qxb7 Kf8 23. Qc7 Qe8 24. e5 Rac8 25. Qd6+ Qe7 26. Qd5 Bg4 27. exf6 Bxf6 28. Qb3 Bxd1 29. Qxd1 Qe5 0-1

[Event "Asian Cities-chT"]
[Site "Dhaka"]
[Date "2019.07.17"]
[Round "9.3"]
[White "Bajracharya, Rajendra"]
[Black "Mollah Abdullah, Al Rakib"]
[Result "0-1"]
[WhiteElo "1819"]
[BlackElo "2455"]
[PlyCount "43"]
[EventDate "2019.07.10"]
[EventType "team-swiss"]
[EventRounds "9"]
[EventCountry "BAN"]
[SourceTitle "EXT 2020"]
[Source "ChessBase"]
[SourceDate "2019.10.17"]
[SourceVersion "1"]
[SourceVersionDate "2019.10.17"]
[SourceQuality "1"]
[WhiteTeam "Lalithpur"]
[BlackTeam "Gopalganj City"]
[WhiteTeamCountry "NEP"]
[BlackTeamCountry "BAN"]

1. e4 e5 2. Nf3 Nc6 3. Bc4 d6 4. d4 Bg4 5. c3 Qd7 6. Be3 Nf6 7. Nbd2 Be7 8. h3 Bh5 9. g4 Bg6 10. Nh4 exd4 11. Nxg6 dxe3 12. Nxh8 exd2+ 13. Qxd2 Ne5 14. Qe2 Nxc4 15. Qxc4 Qe6 16. Qxe6 fxe6 17. f3 Kf8 18. g5 Nh5 19. g6 Kg8 20. Nf7 hxg6 21. Nxd6 Bxd6 22. 0-0-0 0-1

[Event "Asian Cities-chT"]
[Site "Dhaka"]
[Date "2019.07.14"]
[Round "6.4"]
[White "Bajracharya, Rajendra"]
[Black "Chaudhary, Sushil"]
[Result "1/2-1/2"]
[WhiteElo "1819"]
[BlackElo "1865"]
[PlyCount "71"]
[EventDate "2019.07.10"]
[EventType "team-swiss"]
[EventRounds "9"]
[EventCountry "BAN"]
[SourceTitle "EXT 2020"]
[Source "ChessBase"]
[SourceDate "2019.10.17"]
[SourceVersion "1"]
[SourceVersionDate "2019.10.17"]
[SourceQuality "1"]
[WhiteTeam "Lalithpur"]
[BlackTeam "Kathmandu"]
[WhiteTeamCountry "NEP"]
[BlackTeamCountry "NEP"]

1. e4 c5 2. d4 cxd4 3. c3 d3 4. Bxd3 d6 5. Nf3 Nf6 6. e5 dxe5 7. Nxe5 e6 8. Bb5+ Bd7 9. Nxd7 Nbxd7 10. 0-0 Be7 11. Be3 0-0 12. c4 a6 13. Ba4 Nc5 14. Bc2 Qxd1 15. Rxd1 Rad8 16. Nc3 Ng4 17. Bf4 Rxd1+ 18. Rxd1 Rd8 19. Rxd8+ Bxd8 20. Bd6 Nd7 21. Be4 b6 22. b4 Nge5 23. c5 f5 24. Bb7 bxc5 25. bxc5 Nd3 26. Na4 a5 27. Bc8 Nf8 28. Nb6 Nb4 29. a3 Nc2 30. Nc4 Nd4 31. f4 Kf7 32. Kf2 Ng6 33. Ne5+ Nxe5 34. fxe5 Nb5 35. a4 Nxd6 36. cxd6 1/2-1/2

[Event "Asian Cities-chT"]
[Site "Dhaka"]
[Date "2019.07.10"]
[Round "1.6"]
[White "Wasif, Zenobia"]
[Black "Bajracharya, Rajendra"]
[Result "0-1"]
[WhiteElo "1587"]
[BlackElo "1819"]
[PlyCount "66"]
[EventDate "2019.07.10"]
[EventType "team-swiss"]
[EventRounds "9"]
[EventCountry "BAN"]
[SourceTitle "EXT 2020"]
[Source "ChessBase"]
[SourceDate "2019.10.17"]
[SourceVersion "1"]
[SourceVersionDate "2019.10.17"]
[SourceQuality "1"]
[WhiteTeam "Pakpattan City"]
[BlackTeam "Lalithpur"]
[WhiteTeamCountry "PAK"]
[BlackTeamCountry "NEP"]

1. e4 e5 2. Nf3 Nc6 3. c4 Nf6 4. d3 Bc5 5. h3 h6 6. Nc3 d6 7. Be2 a6 8. Nd5 Nxd5 9. cxd5 Ne7 10. 0-0 c6 11. dxc6 Nxc6 12. a3 0-0 13. Kh1 Qb6 14. Qe1 a5 15. Rb1 Bxa3 16. Bxh6 Bc5 17. Bd2 Be6 18. b3 f6 19. Bd1 Kf7 20. Nh4 g6 21. f4 Rh8 22. f5 gxf5 23. Nxf5 Bb4 24. Ne3 Bxd2 25. Qxd2 Bxh3 26. gxh3 Rxh3+ 27. Kg2 Qxe3 28. Qxe3 Rxe3 29. Bh5+ Ke7 30. Rbd1 Rg8+ 31. Kf2 Reg3 32. Bf3 Nd4 33. Be2 Rg2+ 0-1